000 00643cab a2200205 4500
001 WB2811-14
008 090401t1992 xxu||||| |||| 00| 0 eng d
035 _a(Sirsi) u55658
041 _aeng
245 4 _aThe property sector and the election
260 _c1992
350 _a0
490 _aFinancial Times
_v13 March 1992, 29(2)
520 _aWhile no party policies may seem ideal to the property sector, the greatest fear is a hung parliament and the derived uncertainty on the financial markets.
650 _aGENERAL ELECTION 1992
650 _aPOLITICS
690 _aECONOMIC AND SOCIAL
942 _n0
948 _c04/03/1997
999 _c34022
_d34022